[Event "Parma Province-ch"]
[White "Cripotos, Demetrio"]
[Black "Peloni, Davide"]
[Site "Salsomaggiore Terme"]
[Round "3"]
[Result "1-0"]
[Date "2016.03.19"]
[WhiteElo "1835"]
[BlackElo "1618"]
[PlyCount "56"]
[EventDate "2016.03.18"]
[EventType "swiss"]
[EventRounds "5"]
[EventCountry "ITA"]
[SourceTitle "EXT 2018"]
[Source "ChessBase"]
[SourceDate "2017.10.13"]
[SourceVersion "1"]
[SourceVersionDate "2017.10.13"]
[SourceQuality "1"]

1. e4 c6 2. d4 d5 3. Nc3 dxe4 4. Nxe4 Nd7 5. Bc4 Ngf6 6. Nxf6+ Nxf6 7. Nf3 Bf5 8. Be3 e6 9. 0-0 Bd6 10. Bg5 0-0 11. c3 Be7 12. Nh4 Be4 13. Nf3 Bd5 14. Bd3 Ne4 15. Bxe7 Qxe7 16. c4 Nf6 17. cxd5 Nxd5 18. Qb3 Rad8 19. Bc4 Nf4 20. Qe3 Qf6 21. Qe5 Qh6 22. Rad1 g6 23. Qg5 Qxg5 24. Nxg5 b5 25. g3 Nh5 26. Bxe6 Rd6 27. Bb3 Nf6 28. Rfe1 Rfd8 1-0